[Event "16th Asian-ch"]
[Site "Makati PHI"]
[Date "2018.12.11"]
[Round "2.4"]
[White "Tan Zhongyi"]
[Black "Ni Hua"]
[Result "0-1"]
[WhiteElo "2508"]
[BlackElo "2683"]
[EventDate "2018.12.10"]
[PlyCount "138"]

1.e4 e6 2.d4 d5 3.e5 c5 4.c3 Nc6 5.Nf3 Qb6 6.a3 c4 7.Nbd2 Na5 8.g3 Bd7 9.
Bg2 Ne7 10.O-O h6 11.Re1 Qc7 12.Rb1 Nc8 13.h4 Nb6 14.Nf1 Ba4 15.Qe2 O-O-O 
16.Bf4 Be7 17.g4 Rdg8 18.Bg3 Kb8 19.Ne3 Ka8 20.Bh3 Qd8 21.Ng2 Nd7 22.Nh2 
g5 23.h5 Re8 24.f4 f6 25.Nf3 Rhg8 26.fxg5 hxg5 27.exf6 Nxf6 28.Ne5 Ne4 29.
Bh2 Nb3 30.Qe3 Nbd2 31.Rbd1 Bxd1 32.Rxd1 Nb3 33.Ne1 Bd6 34.Bg2 Nf6 35.N1f3
Na5 36.Rf1 Nc6 37.Qe2 Nxe5 38.Nxe5 Nd7 39.Rf3 Nxe5 40.Bxe5 Bxe5 41.Qxe5 
Qe7 42.Re3 Qf7 43.Rf3 Qg7 44.Rf6 Qe7 45.Rf2 a6 46.Re2 Qf7 47.Qg3 Ka7 48.
Re5 Ref8 49.Qe1 Qf4 50.Qe2 Rf6 51.Rxe6 Rxe6 52.Qxe6 Rd8 53.Qe7 Rd6 54.Qe5 
Qxe5 55.dxe5 Re6 56.h6 Rxh6 57.Bxd5 b5 58.Bf7 Rc6 59.e6 Rc7 60.Kf2 Kb6 61.
Ke3 Kc5 62.Ke4 Kd6 63.Kd4 Rc8 64.Ke4 Rc5 65.Kd4 Rd5+ 66.Ke4 Re5+ 67.Kd4 
Re2 68.a4 Rxb2 69.axb5 axb5 0-1

[Event "16th Asian-ch"]
[Site "Makati PHI"]
[Date "2018.12.11"]
[Round "2.5"]
[White "Sethuraman, Panayapan"]
[Black "Megaranto, Susanto"]
[Result "1-0"]
[WhiteElo "2664"]
[BlackElo "2512"]
[EventDate "2018.12.10"]
[PlyCount "153"]

1.e4 c6 2.d4 d5 3.e5 Bf5 4.Nf3 e6 5.Be2 Ne7 6.O-O Nd7 7.Nbd2 Ng6 8.Nb3 Bg4
9.h3 Bxf3 10.Bxf3 Be7 11.Bg4 c5 12.c3 Qb6 13.f4 cxd4 14.cxd4 O-O 15.Kh2 f5
16.Be2 Nb8 17.Be3 Nc6 18.Rc1 Rac8 19.Qd2 a6 20.g4 Nh4 21.Kg3 Qd8 22.Nc5 
Bxc5 23.Rxc5 Ng6 24.gxf5 Rxf5 25.Bg4 Nge7 26.Kh2 Qd7 27.Bxf5 Nxf5 28.Bf2 
Rf8 29.b4 Qe8 30.Rfc1 h6 31.a4 Nce7 32.Rc7 Qxa4 33.Rxb7 Ng6 34.Rb6 Re8 35.
Rcc6 Nf8 36.Qc2 Qa3 37.Rc3 Qa1 38.Qc1 Qa2 39.Qc2 Qa1 40.Qd2 Ng6 41.Rcc6 
Nf8 42.Rxa6 Qb1 43.Rc1 Qe4 44.Ra3 Ne7 45.Qe3 Qf5 46.b5 Nfg6 47.Bg3 Qf8 48.
Rb3 Nf5 49.Qd2 Rb8 50.b6 Kh7 51.Rc7 Qd8 52.Qb4 h5 53.Rf3 Ra8 54.Rc2 Rb8 
55.b7 Qd7 56.Rb2 Qc6 57.Qc5 Qa6 58.Qc7 Qa1 59.Qc3 Qa7 60.Qb4 Qa6 61.Bf2 
Qf1 62.Qe1 Qa6 63.Qb1 Qa4 64.Rb6 Qd7 65.Qb5 Qc7 66.Qb1 Qf7 67.Ra3 Qf8 68.
Rf3 Qf7 69.Rc3 Nfe7 70.Be3 Nf5 71.Bf2 Nfe7 72.Qc1 Qf5 73.Be3 Qf8 74.Rc7 
Qf7 75.Qc2 Qf8 76.Rxe7 Qxe7 77.f5 1-0

[Event "16th Asian-ch"]
[Site "Makati PHI"]
[Date "2018.12.11"]
[Round "2.6"]
[White "Bilguun, Sumiya"]
[Black "Nguyen Ngoc Truong Son"]
[Result "0-1"]
[WhiteElo "2497"]
[BlackElo "2641"]
[EventDate "2018.12.10"]
[PlyCount "82"]

1.e4 c5 2.Nf3 d6 3.d4 cxd4 4.Nxd4 Nf6 5.Nc3 a6 6.f4 e5 7.Nf3 Nbd7 8.a4 Qc7
9.Bd3 Be7 10.O-O O-O 11.Kh1 Nc5 12.Qe1 Bd7 13.a5 Rac8 14.Bd2 Rfe8 15.fxe5 
dxe5 16.Qg3 Be6 17.Qxe5 Bd6 18.Qg5 h6 19.Qh4 Ng4 20.Qh5 Qd8 21.h3 g6 22.
Qh4 Qxh4 23.Nxh4 Ne5 24.Bxh6 Ncxd3 25.cxd3 Nxd3 26.Nd5 Bxd5 27.exd5 Rc2 
28.Rf3 Nf2+ 29.Kg1 Re4 30.Be3 Nd3 31.Bg5 Bc5+ 32.Kh2 Bd6+ 33.Kg1 Nf4 34.
Bxf4 Bxf4 35.Rd1 Bd6 36.g4 Ree2 37.Rc3 Rxb2 38.Nf3 Rg2+ 39.Kh1 Rg3 40.Rc8+
Kg7 41.Ng5 Bf4 0-1

[Event "16th Asian-ch"]
[Site "Makati PHI"]
[Date "2018.12.11"]
[Round "2.8"]
[White "Vokhidov, Shamsiddin"]
[Black "Ganguly, Surya Shekhar"]
[Result "0-1"]
[WhiteElo "2480"]
[BlackElo "2621"]
[EventDate "2018.12.10"]
[PlyCount "76"]

1.e4 e6 2.d4 d5 3.Bd3 dxe4 4.Bxe4 Nf6 5.Bf3 c5 6.Ne2 Be7 7.Nbc3 O-O 8.O-O 
cxd4 9.Nxd4 e5 10.Ndb5 Nc6 11.Bg5 Bf5 12.Bxf6 Bxf6 13.Be4 Bxe4 14.Nxe4 Be7
15.c4 a6 16.Nbc3 f5 17.Ng3 Nd4 18.Re1 Bd6 19.c5 Bc7 20.Nge2 Kh8 21.Qd3 
Nxe2+ 22.Qxe2 e4 23.Rad1 Qe7 24.Qe3 Qe5 25.g3 Rad8 26.a3 h6 27.b4 Rxd1 28.
Nxd1 Rd8 29.Qc1 Qf6 30.Nb2 Rf8 31.Nc4 f4 32.Qb2 Qf5 33.Qc2 Qh3 34.Qe2 fxg3
35.fxg3 Bxg3 36.Rd1 Bxh2+ 37.Kh1 Bg3+ 38.Kg1 Bf2+ 0-1

[Event "16th Asian-ch"]
[Site "Makati PHI"]
[Date "2018.12.11"]
[Round "2.9"]
[White "Firouzja, Alireza"]
[Black "Liu Yan"]
[Result "1-0"]
[WhiteElo "2607"]
[BlackElo "2495"]
[EventDate "2018.12.10"]
[PlyCount "74"]

1.e4 e5 2.Nf3 Nc6 3.Bc4 Nf6 4.d3 Be7 5.O-O O-O 6.a4 d6 7.h3 Kh8 8.Nc3 Be6 
9.a5 d5 10.exd5 Nxd5 11.Ne4 f5 12.Neg5 Bg8 13.a6 b6 14.Bb5 Nd4 15.Nxd4 
exd4 16.Nf3 Bf6 17.Bc6 Rb8 18.Bd2 Qd6 19.Bb7 Bf7 20.Rc1 Bh5 21.c4 dxc3 22.
bxc3 c6 23.d4 Nc7 24.Qa4 Bxf3 25.gxf3 b5 26.Qb4 Qxb4 27.cxb4 Ne6 28.Rxc6 
Nxd4 29.Rd6 Rbd8 30.Rxd8 Rxd8 31.Kh1 Nc2 32.Bf4 Nxb4 33.Be3 Bd4 34.Rd1 Nc2
35.Bg5 Re8 36.Rd2 h6 37.Bf4 b4 
    {Writing ineigible. White won after 99 moves}
1-0

[Event "16th Asian-ch"]
[Site "Makati PHI"]
[Date "2018.12.11"]
[Round "2.10"]
[White "Kunte, Abhijit"]
[Black "Wen Yang"]
[Result "1/2-1/2"]
[WhiteElo "2469"]
[BlackElo "2604"]
[EventDate "2018.12.10"]
[PlyCount "62"]

1.Nf3 d5 2.g3 g6 3.Bg2 Bg7 4.d4 Nd7 5.O-O Ngf6 6.c4 dxc4 7.Qa4 O-O 8.Qxc4 
Nb6 9.Qc2 Bf5 10.Qb3 a5 11.a4 Be6 12.Qd1 Ne4 13.Nbd2 Bd5 14.Qc2 f5 15.Rd1 
Rc8 16.Ne1 Ng5 17.Nb3 Ne6 18.e3 Bxg2 19.Nxg2 Qd5 20.Nc5 Nxc5 21.dxc5 Qc4 
22.Ne1 Qxc2 23.Nxc2 Nc4 24.Nd4 Rfd8 25.b3 Bxd4 26.exd4 Ne5 27.Bb2 Nd7 28.
c6 bxc6 29.Rac1 Nb8 30.Re1 Kf7 31.Rc5 Rd5 1/2-1/2

[Event "16th Asian-ch"]
[Site "Makati PHI"]
[Date "2018.12.11"]
[Round "2.11"]
[White "Zhumabaev, Rinat"]
[Black "Nguyen Anh Khoi"]
[Result "1/2-1/2"]
[WhiteElo "2602"]
[BlackElo "2480"]
[EventDate "2018.12.10"]
[PlyCount "145"]

1.e4 c5 2.Nf3 d6 3.d4 cxd4 4.Qxd4 Nc6 5.Bb5 Bd7 6.Qd3 g6 7.O-O Bg7 8.c4 
Nf6 9.h3 O-O 10.Nc3 a6 11.Bxc6 Bxc6 12.Nd4 Nd7 13.Be3 Rc8 14.Rac1 Nc5 15.
Qb1 Ne6 16.Nxe6 fxe6 17.Rfd1 Qa5 18.b4 Qh5 19.Rd2 Bxc3 20.Rxc3 Qe5 21.Rd4 
Rf4 22.b5 Bxe4 23.Qe1 Rf7 24.Qd2 h5 25.a4 axb5 26.cxb5 Rcf8 27.Rc7 Qf5 28.
f3 Bxf3 29.Rf4 Qb1+ 30.Rc1 Qb3 31.Rxf7 Rxf7 32.gxf3 Rxf3 33.Bf2 Kf7 34.Rc7
Qb1+ 35.Qe1 Qf5 36.Rc3 Qxh3 37.Rxf3+ Qxf3 38.a5 Qg4+ 39.Kh2 Qc4 40.b6 e5 
41.Qe3 Ke8 42.Qf3 e4 43.Qg2 Kd7 44.Qxg6 Qd5 45.Be1 Qa2+ 46.Kh3 Qe2 47.Bg3 
Qf3 48.Kh4 e3 49.Qxh5 Qh1+ 50.Kg5 Qd5+ 51.Kh4 Qh1+ 52.Kg5 Qd5+ 53.Kh6 
Qxh5+ 54.Kxh5 Kc6 55.Kg4 Kb5 56.Be1 d5 57.Bc3 e5 58.Kf3 d4 59.Be1 Ka6 60.
Ke4 Kb5 61.Kd3 Kc5 62.Bg3 Kb5 63.Bxe5 Kxa5 64.Bxd4 Kb5 65.Bxe3 Kc6 66.Ke4 
Kd7 67.Kd5 Kc8 68.Bf4 Kd7 69.Bg3 Kc8 70.Ke6 Kd8 71.Kf7 Kd7 72.Bc7 Kc8 73.
Ke7 1/2-1/2

[Event "16th Asian-ch"]
[Site "Makati PHI"]
[Date "2018.12.11"]
[Round "2.12"]
[White "Yakubboev, Nodirbek"]
[Black "Khusnutdinov, Rustam"]
[Result "1/2-1/2"]
[WhiteElo "2556"]
[BlackElo "2470"]
[EventDate "2018.12.10"]
[PlyCount "302"]

1.d4 Nf6 2.c4 e6 3.g3 d5 4.Bg2 dxc4 5.Nf3 Bd7 6.Ne5 Bc6 7.Nxc6 Nxc6 8.O-O 
Qd7 9.e3 Rd8 10.Qe2 e5 11.Nc3 exd4 12.exd4+ Be7 13.d5 Nb4 14.Bg5 O-O 15.
Rae1 Rfe8 16.Qxc4 Nbxd5 17.Nxd5 Nxd5 18.Bxe7 Nxe7 19.Bxb7 c6 20.Ba6 Nf5 
21.Qf4 g6 22.Bc4 c5 23.b3 Qb7 24.f3 Re7 25.Re4 Rde8 26.Rfe1 Kg7 27.Kf2 Qd7
28.Kg2 Qb7 29.Re5 Nd4 30.R1e4 Rxe5 31.Rxe5 Rxe5 32.Qxe5+ Kg8 33.Bd5 Qd7 
34.g4 a5 35.Bc4 Qb7 36.Qf6 Qd7 37.h4 Ne6 38.Bxe6 fxe6 39.h5 gxh5 40.Qg5+ 
Qg7 41.Qxh5 Qe7 42.Qe5 Kf7 43.Kg3 h6 44.f4 Kg6 45.f5+ Kf7 46.fxe6+ Qxe6 
47.Qxc5 Kg6 48.Kf4 Qa6 49.Qc2+ Kf6 50.Qf5+ Kg7 51.Qe5+ Kg6 52.Qe4+ Kf6 53.
Qd4+ Kg6 54.Ke3 Kg5 55.Qf4+ Kg6 56.Qf5+ Kg7 57.Qd7+ Kf6 58.Qd8+ Kg7 59.
Qd4+ Kf8 60.Kd2 Qc6 61.a4 Qf3 62.Kc2 Qe2+ 63.Kc3 Qe1+ 64.Qd2 Qe5+ 65.Kc4 
Qe6+ 66.Kc5 Qxb3 67.Qxh6+ Kg8 68.Qg6+ Kh8 69.Qe8+ Kh7 70.Qb5 Qc3+ 71.Qc4 
Qb2 72.Kc6 Qb4 73.Kd5 Qd2+ 74.Qd4 Qc1 75.Ke5 Qc7+ 76.Ke6 Qc6+ 77.Ke7 Qc7+ 
78.Qd7 Qe5+ 79.Kd8+ Kh6 80.Kc8 Qb2 81.Qe6+ Kg5 82.Qf5+ Kh4 83.Qh5+ Kg3 84.
Qxa5 Kxg4 85.Qc5 Qh8+ 86.Kc7 Qg7+ 87.Kc6 Qg6+ 88.Kb5 Qe8+ 89.Qc6 Qe5+ 90.
Kb6 Qb8+ 91.Ka6 Kh3 92.a5 Kh2 93.Qb7 Qd6+ 94.Ka7 Qc5+ 95.Qb6 Qe7+ 96.Ka8 
Qe4+ 97.Qb7 Qd3 98.a6 Kg1 99.Qb6+ Kh2 100.a7 Qd5+ 101.Qb7 Qd4 102.Qc7+ Kh1
103.Kb8 Qh8+ 104.Kb7 Qb2+ 105.Kc6 Qc3+ 106.Kd7 Qg7+ 107.Kc8 Qf8+ 108.Qd8 
Qc5+ 109.Kb7 Qb4+ 110.Qb6 Qe7+ 111.Ka8 Qf8+ 112.Qb8 Qc5 113.Qb7+ Kg1 114.
Qg7+ Kh1 115.Kb8 Qd6+ 116.Kb7 Qd5+ 117.Kc7 Qc5+ 118.Kd8 Qd6+ 119.Qd7 Qb6+ 
120.Kc8 Qc5+ 121.Kb7 Qb4+ 122.Ka6 Qa3+ 123.Kb6 Qe3+ 124.Kb7 Qb3+ 125.Kc7 
Qg3+ 126.Qd6 Qg7+ 127.Kb6 Qb2+ 128.Kc6 Qc3+ 129.Qc5 Qf6+ 130.Kb5 Qb2+ 131.
Ka6 Qa2+ 132.Kb6 Qb3+ 133.Kc7 Qf7+ 134.Kd8 Qf6+ 135.Qe7 Qd4+ 136.Ke8 Qh8+ 
137.Qf8 Qe5+ 138.Kf7 Qd5+ 139.Kg6 Qg2+ 140.Kh7 Qe4+ 141.Kg8 Qc4+ 142.Qf7 
Qg4+ 143.Kh7 Qe4+ 144.Kg7 Qd4+ 145.Kg6 Qd3+ 146.Kg5 Qd2+ 147.Kg4 Qd4+ 148.
Kg3 Qg1+ 149.Kh4 Qf2+ 150.Kh3 Qg2+ 151.Kh4 Qf2+ 1/2-1/2

[Event "16th Asian-ch"]
[Site "Makati PHI"]
[Date "2018.12.11"]
[Round "2.13"]
[White "Bersamina, Paulo"]
[Black "Abdusattorov, Nodirbek"]
[Result "0-1"]
[WhiteElo "2444"]
[BlackElo "2546"]
[EventDate "2018.12.10"]
[PlyCount "96"]

1.c4 Nf6 2.g3 c6 3.b3 e5 4.Bb2 Bd6 5.Bg2 O-O 6.Nc3 Re8 7.d4 e4 8.Qc2 Bb4 
9.a3 Bxc3+ 10.Bxc3 d5 11.e3 Nbd7 12.a4 Nf8 13.c5 Bf5 14.b4 Ne6 15.Qd2 Qd7 
16.h4 Bg4 17.Bf1 Nc7 18.Qb2 a6 19.Rb1 Qf5 20.Qc2 h6 21.Be2 Re6 22.Rb2 Bxe2
23.Nxe2 Qf3 24.Rf1 g5 25.hxg5 hxg5 26.Ng1 Qg2 27.Qe2 Kg7 28.Rb1 Rh8 29.Kd2
Rh2 30.b5 axb5 31.Ba5 Nce8 32.Bd8 bxa4 33.Rxb7 Kg6 34.Kc3 Ng7 35.Rb2 Nf5 
36.Kb4 Re8 37.Bb6 Rh1 38.Rbb1 Nxg3 39.fxg3 Rxg1 40.Qxg2 Rxg2 41.Bc7 Ng4 
42.Rfe1 Re7 43.Bd6 Rb7+ 44.Ka5 Rxb1 45.Rxb1 a3 46.Ra1 Nxe3 47.Kb6 Nc2 48.
Ra2 e3 0-1

[Event "16th Asian-ch"]
[Site "Makati PHI"]
[Date "2018.12.11"]
[Round "2.14"]
[White "Puranik, Abhimanyu"]
[Black "Lye Lik Zang"]
[Result "0-1"]
[WhiteElo "2544"]
[BlackElo "2321"]
[EventDate "2018.12.10"]
[PlyCount "128"]

1.Nf3 d5 2.g3 c6 3.Bg2 Bg4 4.O-O e6 5.h3 Bh5 6.d4 Nf6 7.c4 Nbd7 8.cxd5 
cxd5 9.Nc3 Bd6 10.Qb3 Qb6 11.Qxb6 Nxb6 12.Ne5 Bb4 13.g4 Bg6 14.Bd2 O-O 15.
Rac1 Nfd7 16.Nxg6 hxg6 17.Rc2 Rfc8 18.Rfc1 Rc4 19.a3 Bxc3 20.Bxc3 Rac8 21.
b3 R4c7 22.e3 Nf6 23.f3 Nbd7 24.Kf1 Ne8 25.Ke2 f5 26.Kd2 Kf7 27.Bf1 Nd6 
28.Bb4 Rxc2+ 29.Rxc2 Rxc2+ 30.Kxc2 Nc8 31.Bb5 Nb8 32.a4 a6 33.Bd3 Nc6 34.
Be1 f4 35.Kd2 Nd6 36.Bf2 g5 37.h4 gxh4 38.Bxh4 b5 39.Bf2 fxe3+ 40.Kxe3 
bxa4 41.bxa4 Nb4 42.Bb1 Nc4+ 43.Kf4 Nb2 44.a5 Nc6 45.Kg5 Nxa5 46.Bg6+ Ke7 
47.Bc2 Nc6 48.Kg6 Kf8 49.Kh7 a5 50.g5 a4 51.Bg3 Nc4 52.Bxa4 Nxd4 53.g6 
Nxf3 54.Bf4 Nd4 55.Bd1 e5 56.Bg5 Ne6 57.Bc1 e4 58.Bg4 e3 59.Be2 Ke7 60.
Bxc4 dxc4 61.Bxe3 c3 62.Bc1 Kf6 63.Be3 c2 64.Bc1 Ng5+ 0-1

[Event "16th Asian-ch"]
[Site "Makati PHI"]
[Date "2018.12.11"]
[Round "2.16"]
[White "Santosh Gujrathi, Vidit"]
[Black "Song Yuxin"]
[Result "1-0"]
[WhiteElo "2701"]
[BlackElo "2178"]
[EventDate "2018.12.10"]
[PlyCount "121"]

1.Nf3 d5 2.e3 Nf6 3.c4 e6 4.Nc3 Nbd7 5.b3 c6 6.Qc2 Bd6 7.Bb2 Qe7 8.Be2 Ba3
9.Bxa3 Qxa3 10.d4 a6 11.O-O c5 12.cxd5 exd5 13.Rfd1 cxd4 14.Rxd4 Nb6 15.e4
Be6 16.exd5 Nbxd5 17.Nxd5 Bxd5 18.Rad1 Be6 19.Ng5 Rc8 20.Bc4 Qe7 21.Nxe6 
fxe6 22.Qe2 Rc6 23.Qe5 Kf7 24.Rd6 Rxd6 25.Rxd6 Rd8 26.Bxe6+ Kf8 27.Rxd8+ 
Qxd8 28.g3 g6 29.g4 h6 30.h4 g5 31.hxg5 hxg5 32.Qxg5 Qd1+ 33.Kg2 Qd4 34.
Qf5 Ke7 35.g5 Qe4+ 36.Qxe4 Nxe4 37.Bd5 Nxg5 38.Bxb7 a5 39.Kg3 Ne6 40.Bd5 
Nd4 41.Bc4 Kd6 42.Kf4 Kc5 43.Ke4 a4 44.Bg8 axb3 45.Bxb3 Nc6 46.f4 Nb8 47.
f5 Nd7 48.Be6 Nf6+ 49.Ke5 Ng4+ 50.Kf4 Nf6 51.Kg5 Ne4+ 52.Kg6 Kd6 53.f6 
Nxf6 54.Kxf6 Kc5 55.Ke5 Kb4 56.Kd4 Ka3 57.Kc5 Ka4 58.Kb6 Kb4 59.Bb3 Ka3 
60.Kb5 Kb2 61.Kb4 1-0

[Event "16th Asian-ch"]
[Site "Makati PHI"]
[Date "2018.12.11"]
[Round "2.17"]
[White "Taher, Yoseph Theolifus"]
[Black "Tabatabaei, Mohammadamin"]
[Result "1/2-1/2"]
[WhiteElo "2454"]
[BlackElo "2587"]
[EventDate "2018.12.10"]
[PlyCount "81"]

1.e4 c5 2.Nf3 Nc6 3.Nc3 g6 4.d4 cxd4 5.Nxd4 Bg7 6.Be3 Nf6 7.Be2 O-O 8.O-O 
d6 9.Nb3 Be6 10.f4 Qc8 11.Qd2 Rd8 12.Rad1 Rb8 13.h3 b5 14.Bf3 Bc4 15.Rfe1 
e5 16.f5 gxf5 17.Bg5 b4 18.Nd5 Bxd5 19.exd5 Ne7 20.Nd4 Qc5 21.Kh1 e4 22.
Be2 Nfxd5 23.Rf1 Qxd4 24.Qxd4 Bxd4 25.Rxd4 f6 26.Bc1 Nc7 27.Bf4 Ne6 28.Bc4
Kf7 29.Rxd6 Rxd6 30.Bxd6 Rb6 31.Bxe7 Kxe7 32.Rxf5 Nd4 33.Rh5 Nxc2 34.Rxh7+
Kd6 35.Rxa7 Ke5 36.Ra6 Rxa6 37.Bxa6 Kf4 38.Kg1 Kg3 39.Bc8 Ne3 40.a4 bxa3 
41.bxa3 1/2-1/2

[Event "16th Asian-ch"]
[Site "Makati PHI"]
[Date "2018.12.11"]
[Round "2.18"]
[White "Priasmoro, Novendra"]
[Black "Pascua, Haridas"]
[Result "1/2-1/2"]
[WhiteElo "2483"]
[BlackElo "2442"]
[EventDate "2018.12.10"]
[PlyCount "37"]

1.d4 Nf6 2.Nf3 e6 3.g3 b6 4.Bg2 Bb7 5.O-O Be7 6.c4 O-O 7.d5 exd5 8.Nh4 c6 
9.cxd5 Nxd5 10.Nf5 Nc7 11.e4 d5 12.exd5 cxd5 13.Nc3 Bf6 14.Bf4 Nba6 15.Re1
Qd7 16.Bh3 Qd8 17.Bg2 Qd7 18.Bh3 Qd8 19.Bg2 1/2-1/2

[Event "16th Asian-ch"]
[Site "Makati PHI"]
[Date "2018.12.11"]
[Round "2.20"]
[White "Wang Shixu"]
[Black "Ghaem Maghami, Ehsan"]
[Result "1/2-1/2"]
[WhiteElo "2342"]
[BlackElo "2537"]
[EventDate "2018.12.10"]
[PlyCount "44"]

1.d4 Nf6 2.c4 e6 3.Nc3 Bb4 4.e3 c5 5.Bd3 d5 6.Nf3 O-O 7.O-O Nc6 8.cxd5 
exd5 9.dxc5 Bxc5 10.h3 Qe7 11.b3 Rd8 12.Bb2 Ne4 13.Ne2 Bf5 14.Nfd4 Nxd4 
15.Nxd4 Bxd4 16.Bxd4 Qg5 17.Qf3 Rd6 18.Qf4 Qxf4 19.exf4 Ng3 20.fxg3 Bxd3 
21.Rfe1 Be4 22.Rac1 Rd7 1/2-1/2

[Event "16th Asian-ch"]
[Site "Makati PHI"]
[Date "2018.12.11"]
[Round "2.22"]
[White "Laylo, Darwin"]
[Black "Turqueza Mari, Joseph"]
[Result "1/2-1/2"]
[WhiteElo "2438"]
[BlackElo "2305"]
[EventDate "2018.12.10"]
[PlyCount "58"]

1.d4 Nf6 2.c4 e6 3.Nf3 b6 4.a3 Bb7 5.Nc3 d5 6.cxd5 Nxd5 7.e3 Be7 8.Bb5+ c6
9.Bd3 c5 10.O-O O-O 11.Qc2 h6 12.e4 Nxc3 13.bxc3 cxd4 14.cxd4 Qc8 15.Qe2 
Ba6 16.Rd1 Bxd3 17.Rxd3 Nd7 18.Bf4 Qb7 19.Ne5 Nxe5 20.Bxe5 f6 21.Bg3 Rad8 
22.Rad1 Rfe8 23.h4 Bf8 24.h5 Qf7 25.Bh4 Rd7 26.Rg3 Red8 27.Rgd3 Re8 28.Rg3
Red8 29.Rgd3 Re8 1/2-1/2

[Event "16th Asian-ch"]
[Site "Makati PHI"]
[Date "2018.12.11"]
[Round "2.23"]
[White "Montoya, Edsel"]
[Black "Chen Qi"]
[Result "0-1"]
[WhiteElo "2312"]
[BlackElo "2437"]
[EventDate "2018.12.10"]
[PlyCount "106"]

1.d4 Nf6 2.Nf3 g6 3.g3 Bg7 4.Bg2 O-O 5.O-O d6 6.c4 Nbd7 7.Nc3 e5 8.e4 exd4
9.Nxd4 Re8 10.Re1 Nc5 11.f3 Bd7 12.Be3 a6 13.Qd2 Rb8 14.Bf1 Qc8 15.b4 Na4 
16.Nxa4 Bxa4 17.Rac1 Bd7 18.Ne2 Be6 19.Nf4 Nd7 20.Nxe6 fxe6 21.Be2 b6 22.
Red1 Kh8 23.Kg2 Rf8 24.h4 Qe8 25.Rh1 Ra8 26.g4 a5 27.b5 Nf6 28.h5 gxh5 29.
e5 dxe5 30.g5 Qg6 31.Kh2 Ng8 32.Bd3 Qf7 33.Be4 Rad8 34.Qc2 Ne7 35.Rcd1 Nf5
36.Rxd8 Rxd8 37.Bc1 Rd4 38.Kg2 h4 39.c5 bxc5 40.Qxc5 Kg8 41.b6 cxb6 42.
Qxb6 a4 43.Re1 Bf8 44.Qb5 Bd6 45.Kh3 a3 46.Qb3 Kg7 47.Bxa3 Bxa3 48.Qxa3 
Nd6 49.Bc2 Qf4 50.Rg1 Rd2 51.Rg2 Rxc2 52.Qxd6 Qxf3+ 53.Kxh4 Rc4+ 0-1

[Event "16th Asian-ch"]
[Site "Makati PHI"]
[Date "2018.12.11"]
[Round "2.24"]
[White "Dimakiling, Oliver"]
[Black "Young, Angelo"]
[Result "1-0"]
[WhiteElo "2434"]
[BlackElo "2282"]
[EventDate "2018.12.10"]
[PlyCount "107"]

1.c4 g6 2.Nc3 Bg7 3.Nf3 d6 4.g3 Nf6 5.Bg2 O-O 6.O-O e5 7.d4 Nfd7 8.Be3 Nc6
9.b3 Ne7 10.dxe5 dxe5 11.Qc1 Nf5 12.Bg5 f6 13.Bd2 c6 14.Ne4 Re8 15.c5 Nf8 
16.Rd1 h5 17.Bh6 Qe7 18.Bxg7 Kxg7 19.Qc3 Be6 20.e3 Bd5 21.Nfd2 Red8 22.Bh3
Nh6 23.Re1 Nf7 24.f4 b6 25.a4 Rab8 26.b4 bxc5 27.Nxc5 a5 28.bxa5 Qa7 29.a6
h4 30.Rab1 hxg3 31.hxg3 exf4 32.gxf4 Nd6 33.Qd4 Qe7 34.Rxb8 Rxb8 35.e4 Bf7
36.e5 Ne8 37.Nde4 fxe5 38.Qxe5+ Qxe5 39.fxe5 Nc7 40.Ng5 Bc4 41.e6 Kf6 42.
Nd7+ Nxd7 43.Ne4+ Ke7 44.exd7 Bxa6 45.Nc5+ Kf7 46.Bg2 g5 47.Bxc6 Rd8 48.
Re8 Nxe8 49.dxe8=Q+ Rxe8 50.Bxe8+ Kxe8 51.Nxa6 Kd7 52.Nb4 Kd6 53.a5 Kc5 
54.a6 1-0

[Event "16th Asian-ch"]
[Site "Makati PHI"]
[Date "2018.12.11"]
[Round "2.25"]
[White "Jacutina, John Merill"]
[Black "Antonio, Rogelio jr"]
[Result "1/2-1/2"]
[WhiteElo "2296"]
[BlackElo "2431"]
[EventDate "2018.12.10"]
[PlyCount "201"]

1.e4 c6 2.d4 d5 3.exd5 cxd5 4.c4 Nf6 5.Nc3 e6 6.Nf3 Bb4 7.cxd5 exd5 8.Ne5 
O-O 9.Bd3 Nc6 10.O-O h6 11.Be3 Re8 12.f4 Ng4 13.Nxg4 Bxg4 14.Qd2 Ba5 15.
Bf2 Qd7 16.a3 Bxc3 17.bxc3 Bf5 18.Be2 Na5 19.Rae1 Be4 20.Qb2 Re6 21.Qb4 
Nc6 22.Qb2 Rg6 23.Bg3 Ne7 24.Bh5 Rb6 25.Qa2 Nf5 26.c4 Bd3 27.c5 Rf6 28.Rf3
Be4 29.Rf2 Qa4 30.Rd2 Re8 31.Bf2 Ne7 32.Qb2 Qd7 33.Bg3 Re6 34.Be2 a6 35.
Bd1 Nf5 36.Qb4 R8e7 37.Rde2 h5 38.Ba4 Qc7 39.Qd2 h4 40.Bf2 Qc8 41.Bc2 h3 
42.g3 Qe8 43.Bb3 Nh6 44.a4 Ng4 45.f5 Bxf5 46.Rxe6 Bxe6 47.Qf4 Qd7 48.Bc2 
Re8 49.Re2 Qc8 50.Qd6 Bd7 51.Bd3 Rxe2 52.Bxe2 Nf6 53.a5 Bb5 54.Bd1 Qf5 55.
Qb8+ Kh7 56.Qe5 Qd3 57.Qe1 g6 58.Be3 Qe4 59.Qf2 Qb1 60.Qc2 Qa1 61.Qc1 Qxa5
62.Bd2 Qd8 63.Bg5 Qe8 64.Qe3 Ne4 65.Bf4 g5 66.Be5 f6 67.Bc7 Qc8 68.Ba5 Qe6
69.g4 Kg7 70.Qxh3 Bc4 71.Qa3 Bb5 72.Qf3 Bd7 73.Qb3 Bc6 74.Qf3 Qe7 75.Qe3 
Bd7 76.Bf3 Qe6 77.Qb3 Bb5 78.Qe3 Bc4 79.Qe1 f5 80.Bc7 fxg4 81.Be5+ Kg8 82.
Bxe4 dxe4 83.Qxe4 Bd5 84.Qe1 Qf5 85.Bd6 Be4 86.Qe3 Kf7 87.Qb3+ Bd5 88.Qe3 
Qf6 89.Qe2 Qxd4+ 90.Qf2+ Qxf2+ 91.Kxf2 a5 92.Be5 Ke6 93.Bc3 a4 94.Ke3 a3 
95.Kd4 Bb3 96.Ba1 Kd7 97.Kc3 Be6 98.Kb4 a2 99.Ka3 Kc6 100.Bf6 Kxc5 101.Kb2
1/2-1/2

[Event "16th Asian-ch"]
[Site "Makati PHI"]
[Date "2018.12.11"]
[Round "2.26"]
[White "Cuhendi, Sean Winshand"]
[Black "Gong, Daniel Hanwen"]
[Result "1-0"]
[WhiteElo "2429"]
[BlackElo "2270"]
[EventDate "2018.12.10"]
[PlyCount "87"]

1.d4 Nf6 2.Bf4 g6 3.Nc3 d5 4.e3 Bg7 5.h4 c6 6.Nf3 Qb6 7.Rb1 Bg4 8.Be2 Nbd7
9.b4 O-O 10.Ne5 Bxe2 11.Qxe2 h6 12.h5 Nxe5 13.dxe5 Nxh5 14.Bh2 d4 15.Na4 
Qb5 16.Nc5 Qxe2+ 17.Kxe2 b6 18.Nd3 Bh8 19.exd4 Ng7 20.c3 Ne6 21.f3 a5 22.
b5 cxb5 23.Rxb5 Rfc8 24.Kd2 Nc7 25.Rxb6 Nd5 26.Rb3 a4 27.Ra3 Nb6 28.Nb2 e6
29.Kd3 Bg7 30.c4 Bf8 31.c5 Rd8 32.Rc1 Rd7 33.Ke4 h5 34.Nc4 Nd5 35.Nd6 Rb8 
36.Rc2 Rb1 37.Rxa4 Rc7 38.Ne8 Re1+ 39.Kd3 Rd7 40.Nf6+ Nxf6 41.exf6 Rd1+ 
42.Ke2 R1xd4 43.Rxd4 Rxd4 44.c6 1-0

[Event "16th Asian-ch"]
[Site "Makati PHI"]
[Date "2018.12.11"]
[Round "2.27"]
[White "Pangilinan, Stephen Rome"]
[Black "Garcia, Jan Emmanuel"]
[Result "0-1"]
[WhiteElo "2276"]
[BlackElo "2429"]
[EventDate "2018.12.10"]
[PlyCount "126"]

1.b3 Nf6 2.Bb2 g6 3.e3 Bg7 4.Nf3 O-O 5.c4 c5 6.d4 cxd4 7.Nxd4 d5 8.Nd2 Nc6
9.Be2 Nxd4 10.Bxd4 Qd6 11.cxd5 Nxd5 12.Bxg7 Kxg7 13.O-O Nc3 14.Qe1 Bf5 15.
Nc4 Qf6 16.f4 Rac8 17.Ne5 Nxe2+ 18.Qxe2 Rc2 19.Qf3 Rd8 20.Rad1 Rxd1 21.
Rxd1 Qa6 22.e4 Bc8 23.f5 Qe2 24.Qxe2 Rxe2 25.Rc1 Rxe4 26.Rxc8 Rxe5 27.fxg6
hxg6 28.Rc7 b5 29.Rxa7 f5 30.Ra5 Re2 31.Kf1 Rb2 32.Rxb5 Rxa2 33.Re5 Kf6 
34.Re2 Ra1+ 35.Re1 Ra2 36.Re2 Ra5 37.h4 Rb5 38.Rb2 e5 39.Kf2 Rb4 40.g3 e4 
41.Ke3 g5 42.hxg5+ Kxg5 43.Ke2 Kh5 44.Ke3 Kg4 45.Kf2 Kh3 46.Rb1 Rd4 47.b4 
Rd2+ 48.Ke3 Rd3+ 49.Kf2 Rd2+ 50.Ke3 Rd3+ 51.Kf2 Rf3+ 52.Ke2 Rxg3 53.b5 f4 
54.b6 Rg2+ 55.Kf1 e3 56.Rb3 Rf2+ 57.Ke1 Kg2 58.b7 f3 59.Kd1 Rd2+ 60.Kc1 f2
61.Rxe3 Rd8 62.Re2 Kf3 63.Rxf2+ Kxf2 0-1

[Event "16th Asian-ch"]
[Site "Makati PHI"]
[Date "2018.12.11"]
[Round "2.28"]
[White "Docena, Jerad"]
[Black "Nouri, Alekhine"]
[Result "1/2-1/2"]
[WhiteElo "2426"]
[BlackElo "2013"]
[EventDate "2018.12.10"]
[PlyCount "66"]

1.e4 c5 2.c3 Nf6 3.e5 Nd5 4.Nf3 Nc6 5.Bc4 Nb6 6.Bb3 d5 7.exd6 Qxd6 8.Na3 
c4 9.Nxc4 Nxc4 10.Bxc4 Bf5 11.d4 e6 12.Bg5 Rc8 13.O-O Be7 14.Bxe7 Nxe7 15.
Bb5+ Kf8 16.Qd2 h5 17.Rfe1 h4 18.h3 Rh6 19.Bd3 Bxd3 20.Qxd3 Nd5 21.Re4 g5 
22.Nxg5 Rg6 23.Rg4 f5 24.Re1 Ne7 25.Ne4 fxe4 26.Qxe4 Rxg4 27.hxg4 Kg7 28.
g5 Rh8 29.Qxe6 Qxe6 30.Rxe6 Ng6 31.c4 Rf8 32.d5 Rf4 33.b3 Rd4 1/2-1/2

[Event "16th Asian-ch"]
[Site "Makati PHI"]
[Date "2018.12.12"]
[Round "3.2"]
[White "Ni Hua"]
[Black "Lu Shanglei"]
[Result "1/2-1/2"]
[WhiteElo "2683"]
[BlackElo "2636"]
[EventDate "2018.12.10"]
[PlyCount "143"]

1.d4 Nf6 2.c4 e6 3.g3 d5 4.Bg2 dxc4 5.Nf3 c5 6.O-O Nc6 7.dxc5 Qxd1 8.Rxd1 
Bxc5 9.Nbd2 c3 10.bxc3 O-O 11.Nb3 Be7 12.Nfd4 Bd7 13.Bg5 Rfd8 14.Nxc6 Bxc6
15.Bxc6 bxc6 16.Rxd8+ Bxd8 17.Rd1 h6 18.Bxf6 Bxf6 19.Rd6 c5 20.c4 Rb8 21.
Rc6 Be7 22.Rc7 Bd6 23.Rxa7 Rb4 24.Ra8+ Kh7 25.Rd8 Be5 26.Nxc5 Rxc4 27.Nb3 
Ra4 28.Rd2 g5 29.Rc2 Bg7 30.Nd2 Kg6 31.Nc4 h5 32.Kg2 f5 33.h3 Bf6 34.e3 g4
35.h4 Rb4 36.Kf1 e5 37.Ke2 Kf7 38.Kd3 Ke6 39.e4 f4 40.Rb2 Rxb2 41.Nxb2 Be7
42.Ke2 f3+ 43.Kf1 Bc5 44.Nc4 Bd4 45.a4 Kd7 46.Na3 Kc6 47.a5 Bc5 48.Nc4 Bd4
49.Na3 Bc5 50.Nc4 Bd4 51.a6 Kc7 52.a7 Bxa7 53.Nxe5 Kd6 54.Nd3 Bd4 55.Ke1 
Bc3+ 56.Kf1 Bd2 57.Kg1 Ke6 58.Kh2 Kd6 59.Kg1 Ke6 60.Nf4+ Bxf4 61.gxf4 Kf6 
62.Kh2 Ke6 63.f5+ Kf6 64.Kh1 Ke5 65.Kg1 Kf6 66.Kh2 Ke5 67.Kg3 Kf6 68.Kf4 
Ke7 69.e5 Kf7 70.Ke4 Ke7 71.Kf4 Kf7 72.Ke4 1/2-1/2

[Event "16th Asian-ch"]
[Site "Makati PHI"]
[Date "2018.12.12"]
[Round "3.3"]
[White "Abdusattorov, Nodirbek"]
[Black "Sethuraman, Panayapan"]
[Result "1/2-1/2"]
[WhiteElo "2546"]
[BlackElo "2664"]
[EventDate "2018.12.10"]
[PlyCount "83"]

1.d4 Nf6 2.Bg5 d5 3.e3 c6 4.Bd3 Bg4 5.f3 Bh5 6.Ne2 Nbd7 7.O-O Bg6 8.c4 e6 
9.Nbc3 Be7 10.c5 e5 11.Ng3 Nh5 12.Bxe7 Qxe7 13.Nf5 Bxf5 14.Bxf5 Nhf6 15.
Re1 O-O 16.b4 Rfe8 17.e4 exd4 18.Qxd4 Qe5 19.Qd2 dxe4 20.Bxe4 Qc7 21.Rad1 
a5 22.a3 axb4 23.axb4 Nf8 24.Qd6 Qxd6 25.Rxd6 Ne6 26.Rc1 Ra3 27.Bf5 Nf4 
28.Kf2 Rb3 29.Rd4 g5 30.Rc2 N4d5 31.Nxd5 Nxd5 32.b5 Re5 33.bxc6 bxc6 34.
Be4 Nc3 35.Rd6 Rxc5 36.Rxc6 Nxe4+ 37.fxe4 Rxc2+ 38.Rxc2 Kg7 39.Rc6 f6 40.
Rc5 Kg6 41.e5 fxe5 42.Rxe5 1/2-1/2